El atlas de la revolución rusa /
Guardado en:
| Autor Principal: | |
|---|---|
| Otros Autores: | , |
| Formato: | Libro |
| Publicado: |
Buenos Aires :
Capital Intelectual,
2017
|
| Series: | El Dipló
|
| Materias: | |
| Etiquetas: |
Agregar Etiqueta
Sin Etiquetas, Sea el primero en etiquetar este registro!
|
| LEADER | 00863nam a22002415a 4500 | ||
|---|---|---|---|
| 001 | CEM.cems014813 | ||
| 005 | 20171025160427.0 | ||
| 008 | 130507s2017##################000#0#####d | ||
| 003 | CEMS | ||
| 020 | |a 9789876145428 | ||
| 082 | 0 | 4 | |a 947 |
| 100 | 1 | |a Stancanelli, Pablo | |
| 245 | 1 | 0 | |a El atlas de la revolución rusa / |c Pablo Stancanelli ... y Otros; coordinado Por Creusa Muñoz; dirigido Por José Natanson |
| 260 | |a Buenos Aires : |b Capital Intelectual, |c 2017 | ||
| 300 | |a 128 p. | ||
| 490 | 0 | |a El Dipló | |
| 505 | 0 | |a El asalto a la historia -- Proletarios del mundo -- A la vanguardia de la utopía -- Un pasado incómodo | |
| 653 | |a Historia de europa | ||
| 653 | |a Revolución rusa | ||
| 653 | |a Historia del siglo xx | ||
| 700 | 1 | |a Muñoz, Creusa; coord. | |
| 700 | 1 | |a Natanson, José; dir. | |
| 859 | |a CEMS |b BIB. CEMS - 11 de abril |h 947 |i St241 |p 27399.17 |t Ej.1 | ||
